[Event "1. Bundesliga 2015/2016"]
[Site "Jenbach"]
[Date "2016.04.01"]
[Round "10"]
[Board "1"]
[White "Prohaszka, Peter"]
[Black "Papp, Gabor"]
[Result "1/2-1/2"]
[WhiteElo "2598"]
[BlackElo "2593"]
[PlyCount "87"]
[EventDate "2015.11.05"]
[EventType "team"]
[EventRounds "11"]
[EventCountry "AUT"]
[WhiteTeam "SV Jacques Lemans St. Veit"]
[BlackTeam "L.A. Kraftanlage Ottakring"]

1.d4 Nf6 2.c4 e6 3.Nc3 Bb4 4.Qc2 d5 5.cxd5 exd5 6.Bg5 h6 7.Bh4 c5 8.dxc5 g5 9.Bg3
Ne4 10.e3 Qa5 11.Rc1 Qxa2 12.Bb5+ Bd7 13.Bxd7+ Nxd7 14.Nge2 Nxc3 15.Nxc3 Qc4 16.Bd6
Nxc5 17.Bxc5 Qxc5 18.O-O Bxc3 19.Qa4+ Qc6 20.Qa3 Qa6 21.Qxa6 bxa6 22.Rxc3 O-O 23.Rc6
Kg7 24.Rd1 Rfc8 25.Rxa6 Rab8 26.h4 gxh4 27.Rxd5 Rc1+ 28.Kh2 Rxb2 29.Rf5 Rbb1 30.Kh3
Rb4 31.f4 Rh1+ 32.Kg4 Rb7 33.Rh5 Rh2 34.Kf3 Rb2 35.Raxh6 Rhxg2 36.Rxh4 f5 37.Rh7+
Kf8 38.Rh8+ Ke7 39.R8h7+ Kd6 40.R4h6+ Kc5 41.Rc7+ Kd5 42.Rd7+ Kc4 43.Rc7+ Kd5 44.Rd7+ 1/2-1/2

[Event "1. Bundesliga 2015/2016"]
[Site "Jenbach"]
[Date "2016.04.01"]
[Round "10"]
[Board "2"]
[White "Banusz, Tamas"]
[Black "Bosiocic, Marin"]
[Result "1-0"]
[WhiteElo "2619"]
[BlackElo "2564"]
[PlyCount "99"]
[EventDate "2015.11.05"]
[EventType "team"]
[EventRounds "11"]
[EventCountry "AUT"]
[WhiteTeam "L.A. Kraftanlage Ottakring"]
[BlackTeam "SV Jacques Lemans St. Veit"]

1.Nf3 Nf6 2.c4 g6 3.g3 Bg7 4.Bg2 O-O 5.d4 d6 6.Nc3 Nbd7 7.O-O e5 8.e4 c6 9.h3 Qa5
10.Re1 exd4 11.Nxd4 Ne5 12.Bf1 Re8 13.Be3 Be6 14.Nxe6 Rxe6 15.Kg2 Ned7 16.Qd2 Rae8
17.Rab1 Qc7 18.f3 a6 19.b4 h5 20.h4 b5 21.a4 bxc4 22.Bxc4 d5 23.Bf4 Qb7 24.Bd3 Ne5
25.Bxe5 Rxe5 26.exd5 Bh6 27.Qf2 Be3 28.Qf1 Bd4 29.Ne2 Be3 30.Nc3 cxd5 31.Bxa6 Qc7
32.Qd3 g5 33.Nd1 d4 34.Bc4 Kh8 35.Nxe3 dxe3 36.Rbd1 gxh4 37.Qd6 Qxd6 38.Rxd6 Kg7 39.gxh4
Rc8 40.Rd4 Ng8 41.f4 Re7 42.Kf3 Nh6 43.Bd3 Ng4 44.b5 Rc3 45.a5 Ra3 46.a6 Re6 47.Be2
Ra2 48.Rb4 Ra3 49.b6 f5 50.b7 1-0

[Event "1. Bundesliga 2015/2016"]
[Site "Jenbach"]
[Date "2016.04.01"]
[Round "10"]
[Board "3"]
[White "Rogic, Davor"]
[Black "Dragnev, Valentin"]
[Result "1/2-1/2"]
[WhiteElo "2532"]
[BlackElo "2432"]
[PlyCount "155"]
[EventDate "2015.11.05"]
[EventType "team"]
[EventRounds "11"]
[EventCountry "AUT"]
[WhiteTeam "SV Jacques Lemans St. Veit"]
[BlackTeam "L.A. Kraftanlage Ottakring"]

1.e4 e5 2.Nf3 Nc6 3.Bb5 a6 4.Ba4 Nf6 5.O-O Be7 6.Re1 b5 7.Bb3 d6 8.c3 O-O 9.h3 Na5
10.Bc2 c5 11.d4 Qc7 12.Nbd2 cxd4 13.cxd4 Rd8 14.b3 Nc6 15.Bb2 Bb7 16.Rc1 Qb6 17.d5
Nb4 18.Bb1 a5 19.Qe2 g6 20.Bc3 Na6 21.Bd3 Nc5 22.Bxb5 Ncxe4 23.Nxe4 Nxe4 24.Qxe4 Qxb5
25.Nxe5 Qxd5 26.Qxd5 Bxd5 27.Nxg6 hxg6 28.Rxe7 a4 29.Rd1 axb3 30.Rxd5 Rdc8 31.Bb2
Rc2 32.axb3 Rxb2 33.Re3 Ra3 34.Rdd3 Ra1+ 35.Kh2 Rxf2 36.Rxd6 Raa2 37.Rg3 Rab2 38.Rdd3
Rfe2 39.Rde3 Red2 40.Rd3 Re2 41.h4 Re4 42.Kh3 Kf8 43.Rgf3 Rb4 44.g3 f5 45.h5 gxh5
46.Rxf5+ Kg7 47.Rff3 Rb5 48.Rc3 Kg6 49.Rc6+ Kg5 50.Rf8 R5xb3 51.Rg8+ Kf5 52.Rf8+ Kg5
53.Rd8 Rb5 54.Rg8+ Kf5 55.Rh6 Rb8 56.Rxh5+ Kf6 57.Rh6+ Kf7 58.Rg4 R2b4 59.Rh7+ Kf6
60.Rh6+ Kf7 61.Rh7+ Kf6 62.Rgg7 Rh8 63.Rf7+ Kg6 64.Rxh8 Kxf7 65.Rh7+ Kg6 66.Rc7 Ra4
67.Rc6+ Kg5 68.Rc5+ Kg6 69.g4 Ra1 70.Rc8 Rb1 71.Rg8+ Kf7 72.Rg5 Kf6 73.Ra5 Kg6 74.Kg3
Rg1+ 75.Kf4 Rf1+ 76.Kg3 Rg1+ 77.Kf4 Rf1+ 78.Kg3 1/2-1/2

[Event "1. Bundesliga 2015/2016"]
[Site "Jenbach"]
[Date "2016.04.01"]
[Round "10"]
[Board "4"]
[White "Menezes, Christoph"]
[Black "Mazi, Leon"]
[Result "1-0"]
[WhiteElo "2395"]
[BlackElo "2386"]
[PlyCount "111"]
[EventDate "2015.11.05"]
[EventType "team"]
[EventRounds "11"]
[EventCountry "AUT"]
[WhiteTeam "L.A. Kraftanlage Ottakring"]
[BlackTeam "SV Jacques Lemans St. Veit"]

1.c4 Nf6 2.Nc3 g6 3.d4 Bg7 4.Nf3 O-O 5.e4 d6 6.Be2 e5 7.d5 Na6 8.Qc2 Nh5 9.g3 f5 10.h3
Nc5 11.Bg5 Qe8 12.Nd2 Nf6 13.f3 Nh5 14.Nf1 h6 15.Bd2 Bd7 16.b4 Na6 17.a3 Qe7 18.O-O-O
f4 19.g4 Nf6 20.Be1 Ne8 21.Nd2 Rf7 22.Nb3 Nb8 23.Bf2 Bf8 24.h4 Nf6 25.Kb2 Be8 26.c5
Rh7 27.Rc1 Kh8 28.Nb5 Na6 29.cxd6 cxd6 30.Qd2 Bxb5 31.Bxb5 Nc7 32.Be2 Qd8 33.Rc2 Be7
34.Na5 Qb8 35.Rhc1 Bd8 36.Qc3 Nd7 37.Ka2 Rf7 38.Rb2 Ne8 39.Nc4 Nb6 40.Rbc2 Nxc4 41.Bxc4
Bc7 42.Bb5 Nf6 43.Kb3 Qd8 44.Bf1 Kg7 45.Qxc7 Rxc7 46.Rxc7+ Kf8 47.Rxb7 Rc8 48.Rc6
Ne8 49.Rxa7 Rxc6 50.dxc6 d5 51.Bc5+ Kg8 52.exd5 Qxh4 53.Bc4 Qh1 54.Ka4 Qxf3 55.d6+
Kh8 56.d7 1-0

[Event "1. Bundesliga 2015/2016"]
[Site "Jenbach"]
[Date "2016.04.01"]
[Round "10"]
[Board "5"]
[White "Hebesberger, Thomas"]
[Black "Schneider-Zinner, Harald"]
[Result "0-1"]
[WhiteElo "2319"]
[BlackElo "2353"]
[PlyCount "84"]
[EventDate "2015.11.05"]
[EventType "team"]
[EventRounds "11"]
[EventCountry "AUT"]
[WhiteTeam "SV Jacques Lemans St. Veit"]
[BlackTeam "L.A. Kraftanlage Ottakring"]

1.c4 e6 2.Nf3 d5 3.b3 Nf6 4.Bb2 Be7 5.d4 O-O 6.e3 b6 7.Nbd2 Bb7 8.Bd3 Nbd7 9.Qc2 c5
10.g4 cxd4 11.exd4 Bb4 12.Rg1 dxc4 13.Qxc4 Nd5 14.Be4 Rc8 15.Qe2 N7f6 16.Bxd5 Qxd5
17.Kd1 Rfd8 18.Rc1 Rxc1+ 19.Kxc1 Rc8+ 20.Kb1 Ne4 21.Rc1 Rxc1+ 22.Kxc1 Nxd2 23.Nxd2
Qh1+ 24.Kc2 Qxh2 25.a3 Be7 26.Kb1 h6 27.Ka2 Bd5 28.Nf1 Qg2 29.Ne3 Qf3 30.Qa6 Be4 31.Qxa7
Bf6 32.Qxb6 Qxf2 33.Nc4 Qg1 34.Nd2 Bd5 35.a4 Qxg4 36.Nc4 Qf3 37.a5 h5 38.Nd6 h4 39.Qb8+
Kh7 40.Nxf7 Qxb3+ 41.Qxb3 Bxb3+ 42.Kxb3 h3 0-1

[Event "1. Bundesliga 2015/2016"]
[Site "Jenbach"]
[Date "2016.04.01"]
[Round "10"]
[Board "6"]
[White "Beck, Hartmuth"]
[Black "Ceschia, Ivano"]
[Result "0-1"]
[WhiteElo "2356"]
[BlackElo "2253"]
[PlyCount "76"]
[EventDate "2015.11.05"]
[EventType "team"]
[EventRounds "11"]
[EventCountry "AUT"]
[WhiteTeam "L.A. Kraftanlage Ottakring"]
[BlackTeam "SV Jacques Lemans St. Veit"]

1.c4 Nf6 2.Nc3 c5 3.Nf3 Nc6 4.g3 g6 5.Bg2 Bg7 6.O-O d5 7.cxd5 Nxd5 8.Ng5 Nb6 9.d3
O-O 10.Bf4 c4 11.dxc4 Nxc4 12.Qb3 Nd2 13.Bxd2 Qxd2 14.e3 Qd8 15.Rfd1 Qb6 16.Qxb6 axb6
17.a3 h6 18.Nge4 Bg4 19.f3 Be6 20.Bf1 Rfd8 21.Kf2 Bb3 22.Rxd8+ Rxd8 23.Ke1 Ne5 24.Nd2
Be6 25.Be2 h5 26.Rd1 Nd3+ 27.Bxd3 Bxc3 28.bxc3 Rxd3 29.Ne4 Rxe3+ 30.Kf2 Rxf3+ 31.Kxf3
Bg4+ 32.Ke3 Bxd1 33.c4 Ba4 34.Kd4 Bc6 35.Nc3 f6 36.Nd5 e5+ 37.Kd3 Bxd5 38.cxd5 Kf7 0-1

[Event "1. Bundesliga 2015/2016"]
[Site "Jenbach"]
[Date "2016.04.01"]
[Round "10"]
[Board "1"]
[White "Luther, Thomas"]
[Black "Georgiadis, Nico"]
[Result "1-0"]
[WhiteElo "2558"]
[BlackElo "2486"]
[PlyCount "85"]
[EventDate "2015.11.05"]
[EventType "team"]
[EventRounds "11"]
[EventCountry "AUT"]
[WhiteTeam "Schachklub Absam"]
[BlackTeam "Schachclub Sparkasse Goetzis"]

1.d4 f5 2.g3 Nf6 3.Bg2 g6 4.b3 Bg7 5.Bb2 O-O 6.Nh3 d6 7.d5 Nbd7 8.O-O Ne5 9.c4 e6
10.Nc3 exd5 11.Nxd5 c6 12.Nxf6+ Qxf6 13.Kh1 Qe7 14.Qd2 Be6 15.Rae1 h6 16.f4 Ng4 17.Bxg7
Qxg7 18.Qxd6 Rfe8 19.Qd2 Rad8 20.Qc1 Qd4 21.Rd1 Qe3 22.Qb2 Kf7 23.Bf3 Bc8 24.Kg2 Nf6
25.Nf2 g5 26.fxg5 hxg5 27.Bxc6 bxc6 28.Qxf6+ Kxf6 29.Ng4+ Kg6 30.Nxe3 Rxd1 31.Nxd1
Rxe2+ 32.Rf2 Re6 33.Rd2 c5 34.Kf2 Kf6 35.Nc3 Bb7 36.Na4 Re5 37.Rd7 Be4 38.Rxa7 f4
39.Nc3 Bc6 40.Ra6 Re6 41.gxf4 gxf4 42.Nb5 f3 43.Nc7 1-0

[Event "1. Bundesliga 2015/2016"]
[Site "Jenbach"]
[Date "2016.04.01"]
[Round "10"]
[Board "2"]
[White "Krassowizkij, Jaroslaw"]
[Black "Bayer, Bernhard"]
[Result "1/2-1/2"]
[WhiteElo "2446"]
[BlackElo "2429"]
[PlyCount "181"]
[EventDate "2015.11.05"]
[EventType "team"]
[EventRounds "11"]
[EventCountry "AUT"]
[WhiteTeam "Schachclub Sparkasse Goetzis"]
[BlackTeam "Schachklub Absam"]

1.e4 e5 2.Nf3 Nc6 3.Bc4 Bc5 4.c3 Nf6 5.d4 exd4 6.e5 d5 7.Bb5 Ne4 8.cxd4 Bb6 9.Nc3
O-O 10.Be3 Bg4 11.h3 Bh5 12.Qb3 Bxf3 13.gxf3 Ng5 14.Bxc6 bxc6 15.Qd1 Ne6 16.f4 f5
17.Qa4 Qe8 18.Rc1 Rb8 19.Kf1 c5 20.dxc5 Qxa4 21.Nxa4 Ba5 22.Rd1 c6 23.b3 Rb4 24.Nb2
Rb5 25.Nd3 Rd8 26.Ke2 Bb4 27.Rc1 Ba3 28.Rc2 a5 29.Rd1 Kf7 30.Rb1 Rdb8 31.Rd1 Ke8 32.Kf3
Kd7 33.Kg3 a4 34.bxa4 Ra5 35.Rc3 Rxa4 36.Rb3 Raa8 37.f3 Kc7 38.Rdb1 Rxb3 39.axb3 d4
40.Bf2 Nxc5 41.Nxc5 Bxc5 42.Rd1 Rd8 43.Kg2 Kd7 44.b4 Bb6 45.Rc1 Kc7 46.Kf1 Kb7 47.Ke1
Ra8 48.Rd1 Ra3 49.e6 Kc7 50.e7 Kd7 51.Bxd4 Bxd4 52.Rxd4+ Kxe7 53.Kf2 Ra4 54.Rc4 Kd6
55.h4 Ra2+ 56.Ke3 Rh2 57.Rc5 g6 58.Ra5 Rxh4 59.b5 cxb5 60.Rxb5 Ke6 61.Rb6+ Kf7 62.Rb7+
Kf6 63.Rb6+ Kg7 64.Rb7+ Kh6 65.Ra7 Rh1 66.Kf2 Rc1 67.Kg3 Rc8 68.Rf7 Rg8 69.Ra7 Rg7
70.Ra6 Rb7 71.Rc6 Kg7 72.Ra6 h5 73.Ra1 Kh6 74.Rh1 Rb4 75.Rh2 Rb3 76.Rh1 Ra3 77.Rh2
g5 78.fxg5+ Kxg5 79.Rb2 h4+ 80.Kg2 Ra4 81.Kh3 Kf4 82.Rb3 Kg5 83.Rb2 Rd4 84.Rb3 Kf4
85.Kxh4 Rd8 86.Kh3 Rg8 87.Kh2 Re8 88.Kg2 Re2+ 89.Kf1 Re3 90.Rxe3 Kxe3 91.f4 1/2-1/2

[Event "1. Bundesliga 2015/2016"]
[Site "Jenbach"]
[Date "2016.04.01"]
[Round "10"]
[Board "3"]
[White "Dizdar, Goran"]
[Black "Eisenbeiser, Amadeus"]
[Result "1/2-1/2"]
[WhiteElo "2512"]
[BlackElo "2413"]
[PlyCount "148"]
[EventDate "2015.11.05"]
[EventType "team"]
[EventRounds "11"]
[EventCountry "AUT"]
[WhiteTeam "Schachklub Absam"]
[BlackTeam "Schachclub Sparkasse Goetzis"]

1.d4 d6 2.Nf3 g6 3.e4 Bg7 4.Bd3 e5 5.c3 Ne7 6.O-O O-O 7.h3 c6 8.Nbd2 exd4 9.cxd4 d5
10.Re1 Nd7 11.e5 Re8 12.Nb3 Nf8 13.Bg5 h6 14.Bd2 Bf5 15.Bf1 g5 16.Nc5 Qc8 17.Qb3 b6
18.Ba6 Qc7 19.Nd3 Ne6 20.Be3 Qd7 21.Rac1 Nc7 22.e6 Nxe6 23.Nde5 Qd6 24.Bb7 Rab8 25.Bxc6
Nxc6 26.Rxc6 Qd8 27.Rec1 Be4 28.Qd1 Rb7 29.R6c3 Qd6 30.a3 Rbb8 31.Rc6 Qe7 32.R6c3
Ra8 33.Qb3 Qb7 34.Qb5 Kh7 35.Qe2 f6 36.Nc6 f5 37.Qd1 f4 38.Bd2 Rac8 39.Qa4 a6 40.Nce5
b5 41.Qb4 Bf8 42.Qb3 Bg7 43.Qb4 Rxc3 44.Bxc3 Qc7 45.Bd2 Qe7 46.Bc3 Qxb4 47.axb4 Rc8
48.Ra1 Bxf3 49.Nxf3 Rc6 50.Re1 Kg6 51.g4 fxg3 52.fxg3 Bf6 53.Kf2 Ng7 54.Nd2 Nf5 55.Nb3
Kf7 56.g4 Ne7 57.Nc5 Ng6 58.Ra1 Nf4 59.Rxa6 Rxa6 60.Nxa6 Nxh3+ 61.Kf3 Bd8 62.Bd2 Bf6
63.Be3 Nf4 64.Nc7 Nd3 65.Nxd5 Nxb2 66.Ke4 Nc4 67.Bf2 Nd2+ 68.Kf5 Bd8 69.Bg3 Nf3 70.Ke4
Nd2+ 71.Kd3 Nc4 72.Nc3 Na3 73.Bd6 Kg6 74.Nd5 h5 1/2-1/2

[Event "1. Bundesliga 2015/2016"]
[Site "Jenbach"]
[Date "2016.04.01"]
[Round "10"]
[Board "4"]
[White "Kessler, Luca"]
[Black "Rotstein, Arkadij"]
[Result "1/2-1/2"]
[WhiteElo "2433"]
[BlackElo "2513"]
[PlyCount "105"]
[EventDate "2015.11.05"]
[EventType "team"]
[EventRounds "11"]
[EventCountry "AUT"]
[WhiteTeam "Schachclub Sparkasse Goetzis"]
[BlackTeam "Schachklub Absam"]

1.d4 d5 2.c4 dxc4 3.Nf3 Nf6 4.e3 Bg4 5.Bxc4 e6 6.Qb3 Bxf3 7.gxf3 Nbd7 8.Nc3 Nb6 9.Be2
c5 10.dxc5 Bxc5 11.Na4 Nxa4 12.Qxa4+ Ke7 13.Bd2 Qb6 14.Qb5 Rac8 15.Rc1 Nd5 16.Qxb6
Bxb6 17.O-O g5 18.Rxc8 Rxc8 19.Rc1 Rxc1+ 20.Bxc1 h6 21.Kf1 Bc7 22.h3 Be5 23.Bc4 Nb6
24.Bb3 Bg7 25.Ke2 Nd7 26.Bc2 f5 27.b3 Kf7 28.Ba3 Be5 29.Bd3 Nf6 30.Bc4 a6 31.Bc1 b5
32.Bd3 Nd5 33.Bd2 Bc7 34.a4 bxa4 35.bxa4 a5 36.Bc4 Nf6 37.Bb5 Ke7 38.Bc3 Nd5 39.Bd2
Kd6 40.Kd3 Bb6 41.Ke2 e5 42.Bd3 Ne7 43.Bc3 f4 44.Be4 Ng8 45.Kd3 Nf6 46.Bf5 Nd5 47.Bd2
Kc5 48.Ke4 Kd6 49.Bg6 Nf6+ 50.Kf5 Nd5 51.Ke4 Nf6+ 52.Kf5 Nd5 53.Ke4 1/2-1/2

[Event "1. Bundesliga 2015/2016"]
[Site "Jenbach"]
[Date "2016.04.01"]
[Round "10"]
[Board "5"]
[White "Deglmann, Ludwig"]
[Black "Bilchinski, Anton"]
[Result "1/2-1/2"]
[WhiteElo "2320"]
[BlackElo "2299"]
[PlyCount "56"]
[EventDate "2015.11.05"]
[EventType "team"]
[EventRounds "11"]
[EventCountry "AUT"]
[WhiteTeam "Schachklub Absam"]
[BlackTeam "Schachclub Sparkasse Goetzis"]

1.d4 f5 2.c4 Nf6 3.Nc3 d6 4.Nf3 g6 5.Bf4 Bg7 6.e3 O-O 7.c5 h6 8.Bc4+ d5 9.Be2 c6 10.Ne5
g5 11.Bg3 Nfd7 12.f4 Nxe5 13.fxe5 b5 14.h4 g4 15.Bd3 a5 16.Ne2 e6 17.Nf4 Qe8 18.h5
Rf7 19.Qc2 Nd7 20.Ng6 Nf8 21.Nf4 Nh7 22.O-O-O Bf8 23.Bh4 Be7 24.Bxe7 Qxe7 25.Ng6 Qg5
26.Nf4 Qe7 27.Ng6 Qg5 28.Nf4 Qe7 1/2-1/2

[Event "1. Bundesliga 2015/2016"]
[Site "Jenbach"]
[Date "2016.04.01"]
[Round "10"]
[Board "6"]
[White "Anistratov, Dmitrij"]
[Black "De Francesco, Klaus"]
[Result "1-0"]
[WhiteElo "2287"]
[BlackElo "2275"]
[PlyCount "87"]
[EventDate "2015.11.05"]
[EventType "team"]
[EventRounds "11"]
[EventCountry "AUT"]
[WhiteTeam "Schachclub Sparkasse Goetzis"]
[BlackTeam "Schachklub Absam"]

1.Nf3 Nf6 2.c4 b6 3.g3 Bb7 4.Bg2 g6 5.O-O Bg7 6.Nc3 O-O 7.Re1 Ne4 8.Nxe4 Bxe4 9.d3
Bb7 10.e4 c5 11.d4 cxd4 12.Nxd4 Nc6 13.Be3 Nxd4 14.Bxd4 Bxd4 15.Qxd4 Qc7 16.Rad1 Rad8
17.Rd2 d6 18.Red1 Rc8 19.b3 Bc6 20.h4 Qb7 21.Qe3 Rc7 22.h5 b5 23.h6 bxc4 24.Qd4 e5
25.Qxd6 f6 26.Qe6+ Rcf7 27.Rd8 Qc7 28.Rxf8+ Kxf8 29.Qxc4 Be8 30.Qb4+ Qe7 31.Qb8 Qc7
32.Qb4+ Qe7 33.Qa5 Qc7 34.Qa3+ Qe7 35.Qa6 f5 36.exf5 Rf6 37.Qc8 gxf5 38.Bf1 Rc6 39.Qxf5+
Rf6 40.Qg5 Rg6 41.Qxe7+ Kxe7 42.Rd5 Ke6 43.Ra5 e4 44.Rxa7 1-0

[Event "1. Bundesliga 2015/2016"]
[Site "Jenbach"]
[Date "2016.04.01"]
[Round "10"]
[Board "1"]
[White "Schmidt, Peter"]
[Black "Ragger, Markus"]
[Result "1/2-1/2"]
[WhiteElo "2386"]
[BlackElo "2697"]
[PlyCount "61"]
[EventDate "2015.11.05"]
[EventType "team"]
[EventRounds "11"]
[EventCountry "AUT"]
[WhiteTeam "Spg Sauwald"]
[BlackTeam "SC MPOE Maria Saal"]

1.d4 Nf6 2.Nf3 g6 3.g3 c5 4.Bg2 cxd4 5.Nxd4 Bg7 6.O-O O-O 7.c4 Nc6 8.c5 Nxd4 9.Qxd4
d6 10.Qb4 dxc5 11.Qxc5 Bg4 12.Nc3 Qc8 13.Qxc8 Raxc8 14.Bxb7 Rb8 15.Bf3 Rfc8 16.Rd1
Bxf3 17.exf3 e6 18.Rd2 Rb7 19.Re2 a6 20.Bf4 Nh5 21.Be3 Bxc3 22.Rc1 Rbc7 23.Rxc3 Rxc3
24.bxc3 Rxc3 25.Rb2 Nf6 26.Bd4 Rc1+ 27.Kg2 Nd7 28.Rb7 e5 29.Rxd7 exd4 30.Rxd4 Rc5
31.f4 1/2-1/2

[Event "1. Bundesliga 2015/2016"]
[Site "Jenbach"]
[Date "2016.04.01"]
[Round "10"]
[Board "2"]
[White "Predojevic, Borki"]
[Black "Testor, Sebastian"]
[Result "1-0"]
[WhiteElo "2654"]
[BlackElo "2330"]
[PlyCount "79"]
[EventDate "2015.11.05"]
[EventType "team"]
[EventRounds "11"]
[EventCountry "AUT"]
[WhiteTeam "SC MPOE Maria Saal"]
[BlackTeam "Spg Sauwald"]

1.c4 Nf6 2.g3 c6 3.Nf3 d5 4.d4 Bf5 5.Nc3 e6 6.Nh4 Bg6 7.Nxg6 hxg6 8.Qd3 Nbd7 9.Bg2
a6 10.O-O Be7 11.Rd1 b5 12.b3 O-O 13.Rb1 Ra7 14.Bf4 Nh5 15.Bd2 Nhf6 16.Qc2 Qb8 17.e4
b4 18.Bf4 Qc8 19.exd5 cxd5 20.Na4 Nh5 21.Be3 Rc7 22.Rbc1 Nhf6 23.Bf4 Rc6 24.Qe2 Qb7
25.Nb2 Bd6 26.Bd2 a5 27.Nd3 Qa7 28.Ne5 Rcc8 29.Nxg6 Rfe8 30.Ne5 Qxd4 31.Nxd7 Nxd7
32.Bxb4 Qb6 33.Bxd6 Qxd6 34.Qd2 Qb4 35.Qxb4 axb4 36.cxd5 Rxc1 37.Rxc1 exd5 38.Bxd5
Re2 39.Rc8+ Kh7 40.Bxf7 1-0

[Event "1. Bundesliga 2015/2016"]
[Site "Jenbach"]
[Date "2016.04.01"]
[Round "10"]
[Board "3"]
[White "Hiermann, Dietmar"]
[Black "Buhmann, Rainer"]
[Result "0-1"]
[WhiteElo "2270"]
[BlackElo "2645"]
[PlyCount "154"]
[EventDate "2015.11.05"]
[EventType "team"]
[EventRounds "11"]
[EventCountry "AUT"]
[WhiteTeam "Spg Sauwald"]
[BlackTeam "SC MPOE Maria Saal"]

1.e4 e6 2.d4 d5 3.Nd2 c5 4.exd5 Qxd5 5.Ngf3 cxd4 6.Bc4 Qd6 7.Qe2 Nf6 8.Nb3 Nc6 9.Bg5
a6 10.O-O-O b5 11.Bd3 Be7 12.Nbxd4 Nxd4 13.Nxd4 Qd5 14.Bxf6 Bxf6 15.Kb1 Bb7 16.Nxb5
Ke7 17.Nc7 Qc5 18.Nxa8 Bxg2 19.Rhg1 Rb8 20.c3 Qxc3 21.Rd2 Bf3 22.Rc1 Qxc1+ 23.Kxc1
Bxe2 24.Rxe2 Rxa8 25.Re4 a5 26.Ra4 Be5 27.h3 Bc7 28.Kc2 Rd8 29.Rc4 Bb6 30.f3 Rd5 31.b4
axb4 32.Rxb4 Bc7 33.a4 Rh5 34.Bf1 Rf5 35.Be2 Re5 36.Re4 Rh5 37.Bf1 Ba5 38.Kd3 Rf5
39.Be2 g6 40.Ke3 Rh5 41.Bf1 Rd5 42.Bd3 h6 43.Rc4 Bb6+ 44.Kd2 Rh5 45.Bf1 Rf5 46.Be2
Rd5+ 47.Bd3 Rg5 48.Rg4 Rh5 49.Bf1 Rd5+ 50.Bd3 h5 51.Rc4 Rg5 52.Bf1 Ba5+ 53.Ke3 Re5+
54.Re4 Rd5 55.Bd3 f5 56.Rc4 Re5+ 57.Kf2 Bb6+ 58.Kf1 Re3 59.Be2 Kd6 60.Rc2 Ra3 61.Bb5
Bc5 62.Kg2 g5 63.Re2 e5 64.Be8 g4 65.Bxh5 gxf3+ 66.Bxf3 Rxa4 67.Rd2+ Bd4 68.Bh5 e4
69.Bd1 Rb4 70.Ra2 Ke5 71.Bh5 Rc4 72.Bd1 Rc1 73.Bh5 f4 74.Re2 Rc3 75.Ra2 f3+ 76.Kg3
f2+ 77.Kg2 Rg3+ 0-1

[Event "1. Bundesliga 2015/2016"]
[Site "Jenbach"]
[Date "2016.04.01"]
[Round "10"]
[Board "4"]
[White "Naumann, Alexander"]
[Black "Hellmayr, Alois"]
[Result "1-0"]
[WhiteElo "2555"]
[BlackElo "2248"]
[PlyCount "89"]
[EventDate "2015.11.05"]
[EventType "team"]
[EventRounds "11"]
[EventCountry "AUT"]
[WhiteTeam "SC MPOE Maria Saal"]
[BlackTeam "Spg Sauwald"]

1.d4 Nf6 2.c4 e6 3.Nc3 Bb4 4.Qc2 c5 5.dxc5 Bxc3+ 6.Qxc3 Ne4 7.Qa3 Nc6 8.Nf3 Qe7 9.g3
a5 10.Be3 Nb4 11.Rc1 Nxc5 12.Bg2 d6 13.Nd4 e5 14.Nb5 O-O 15.O-O Bf5 16.Rfd1 Nc2 17.Qc3
Nxe3 18.Qxe3 Ra6 19.Rd2 Bd7 20.Nxd6 b6 21.Rcd1 h6 22.b3 Ra7 23.Ne4 Be6 24.Nxc5 Qxc5
25.Rd6 Qxe3 26.fxe3 Rb8 27.Rd8+ Rxd8 28.Rxd8+ Kh7 29.Bd5 Rd7 30.Rxd7 Bxd7 31.Bxf7
g5 32.a3 Kg7 33.Bd5 Kf6 34.b4 axb4 35.axb4 Ke7 36.c5 bxc5 37.bxc5 Bf5 38.Kf2 Bg4 39.Ke1
Kd7 40.Kd2 Bf5 41.Kc3 Bg4 42.Kd3 Bf5+ 43.Kc4 Bg4 44.Bf7 Ke7 45.Bg8 1-0

[Event "1. Bundesliga 2015/2016"]
[Site "Jenbach"]
[Date "2016.04.01"]
[Round "10"]
[Board "5"]
[White "Renner, Christoph"]
[Black "Kreisl, Robert"]
[Result "1-0"]
[WhiteElo "2326"]
[BlackElo "2435"]
[PlyCount "181"]
[EventDate "2015.11.05"]
[EventType "team"]
[EventRounds "11"]
[EventCountry "AUT"]
[WhiteTeam "Spg Sauwald"]
[BlackTeam "SC MPOE Maria Saal"]

1.d4 Nf6 2.Bf4 d5 3.e3 c5 4.c3 Nc6 5.Nd2 e6 6.Ngf3 Bd6 7.Bxd6 Qxd6 8.Bb5 Bd7 9.O-O
O-O 10.a4 Rad8 11.Qb3 a6 12.Be2 Bc8 13.Rfd1 Rfe8 14.a5 e5 15.dxe5 Nxe5 16.Nxe5 Qxe5
17.Qa3 Bg4 18.Bxg4 Nxg4 19.Nf3 Qc7 20.b4 c4 21.b5 Nf6 22.Rab1 Ne4 23.Nd4 Rd6 24.b6
Qd7 25.Ne2 g5 26.Rd4 Qe6 27.Rf1 Rdd8 28.Ng3 Nd6 29.Rdd1 Nb5 30.Qb2 Qe5 31.Ne2 Re6
32.Nd4 Rh6 33.g3 Nd6 34.Rde1 Ne4 35.f4 gxf4 36.Rxf4 Nc5 37.Qe2 Rg6 38.Ref1 Rd7 39.Qf3
Qe8 40.Nf5 Ne4 41.Qh5 f6 42.Nh6+ Kg7 43.Rh4 Qe5 44.Nf5+ Kf8 45.Rg4 Rxg4 46.Qxg4 Qxc3
47.Qf4 Qb4 48.Qb8+ Kf7 49.Qc8 Re7 50.Qh8 Ng5 51.Qg7+ Ke6 52.Nd4+ Kd7 53.Qxf6 Ne4 54.Qf5+
Kd6 55.Qf8 Kd7 56.Nf5 Nd2 57.Rd1 c3 58.Qxe7+ Qxe7 59.Nxe7 Kxe7 60.Rc1 Ne4 61.Kf1 Kd6
62.Ke2 Kc5 63.Kd3 Kb4 64.Kc2 Kxa5 65.Rd1 Kxb6 66.Rxd5 a5 67.Re5 Nc5 68.Kxc3 Kb5 69.Rh5
a4 70.Rxh7 a3 71.Rh8 Ne4+ 72.Kb3 Nd2+ 73.Kxa3 Nc4+ 74.Kb3 Nxe3 75.Kc3 Kc5 76.Kd3 Ng4
77.h3 Ne5+ 78.Ke4 Nf7 79.Rc8+ Kd6 80.h4 Ke6 81.Rb8 Nd6+ 82.Kf4 Kf6 83.g4 Ke6 84.h5
Kf6 85.g5+ Kg7 86.Rd8 Nf7 87.Rd7 Kf8 88.Rxf7+ Kxf7 89.Ke4 Ke6 90.Kd4 Kf5 91.g6 1-0

[Event "1. Bundesliga 2015/2016"]
[Site "Jenbach"]
[Date "2016.04.01"]
[Round "10"]
[Board "6"]
[White "Rieger, Robert"]
[Black "Taggatz, Mario"]
[Result "1-0"]
[WhiteElo "2297"]
[BlackElo "2209"]
[PlyCount "87"]
[EventDate "2015.11.05"]
[EventType "team"]
[EventRounds "11"]
[EventCountry "AUT"]
[WhiteTeam "SC MPOE Maria Saal"]
[BlackTeam "Spg Sauwald"]

1.e4 c5 2.Nf3 e6 3.d4 cxd4 4.Nxd4 Nc6 5.Nc3 Qc7 6.Be3 a6 7.Qd2 Nf6 8.f3 Be7 9.O-O-O
b5 10.Kb1 Bb7 11.g4 Nxd4 12.Qxd4 Rc8 13.Bd3 Bc5 14.Qxc5 Qxc5 15.Bxc5 Rxc5 16.a4 b4
17.Na2 a5 18.c3 bxc3 19.Nxc3 Ke7 20.Bb5 h5 21.h3 d6 22.Rhe1 hxg4 23.hxg4 g5 24.Rd3
Rh2 25.Red1 d5 26.e5 Nh7 27.Ne4 Rcc2 28.Nd2 Rc7 29.Nc4 Nf8 30.Nxa5 Rcc2 31.Rb3 Ba8
32.Bd3 Rcf2 33.Rc1 d4 34.Rc7+ Nd7 35.Bb5 Bd5 36.Rxd7+ Kf8 37.Bc4 d3 38.Rxd5 exd5 39.Bxd3
Rxf3 40.Nc6 Rf4 41.a5 Rxg4 42.a6 Rg1+ 43.Ka2 Rhh1 44.Ra3 1-0

[Event "1. Bundesliga 2015/2016"]
[Site "Jenbach"]
[Date "2016.04.02"]
[Round "11"]
[Board "1"]
[White "Ragger, Markus"]
[Black "Poetsch, Hagen"]
[Result "1-0"]
[WhiteElo "2697"]
[BlackElo "2521"]
[PlyCount "43"]
[EventDate "2015.11.05"]
[EventType "team"]
[EventRounds "11"]
[EventCountry "AUT"]
[WhiteTeam "SC MPOE Maria Saal"]
[BlackTeam "ASVOE Wulkaprodersdorf"]

1.d4 Nf6 2.c4 e6 3.Nf3 d5 4.Nc3 dxc4 5.e4 Bb4 6.Bxc4 Nxe4 7.O-O Nxc3 8.bxc3 Bd6 9.Ng5
h6 10.Ne4 O-O 11.Re1 Nd7 12.Qf3 Be7 13.Qh3 Nf6 14.Bxh6 e5 15.Qh4 gxh6 16.Qxh6 Nxe4
17.Rxe4 Qd6 18.Qh5 exd4 19.Rae1 Bf6 20.Bd3 Bf5 21.Rg4+ Bxg4 22.Qh7# 1-0

[Event "1. Bundesliga 2015/2016"]
[Site "Jenbach"]
[Date "2016.04.02"]
[Round "11"]
[Board "2"]
[White "Schneider, Ilja"]
[Black "Predojevic, Borki"]
[Result "1/2-1/2"]
[WhiteElo "2505"]
[BlackElo "2654"]
[PlyCount "60"]
[EventDate "2015.11.05"]
[EventType "team"]
[EventRounds "11"]
[EventCountry "AUT"]
[WhiteTeam "ASVOE Wulkaprodersdorf"]
[BlackTeam "SC MPOE Maria Saal"]

1.e4 c5 2.c3 d5 3.exd5 Qxd5 4.Nf3 Nc6 5.Na3 Nf6 6.Be2 e6 7.d4 cxd4 8.Nb5 Qd8 9.Nbxd4
Nxd4 10.Qxd4 Qxd4 11.Nxd4 Bd7 12.Bf4 Nd5 13.Bg3 h5 14.h4 Bc5 15.O-O-O O-O-O 16.Bf3
Ne7 17.Nb3 Bb6 18.Bd6 Nf5 19.Bc5 Ba4 20.Bxb6 Rxd1+ 21.Bxd1 axb6 22.Nd4 Nxd4 23.Bxa4
Nf5 24.Bc2 Nd6 25.Re1 Kc7 26.Bd3 Ra8 27.a3 g6 28.Kc2 Re8 29.Re5 Kd7 30.Bb5+ Nxb5 1/2-1/2

[Event "1. Bundesliga 2015/2016"]
[Site "Jenbach"]
[Date "2016.04.02"]
[Round "11"]
[Board "3"]
[White "Buhmann, Rainer"]
[Black "Maksimenko, Andrei"]
[Result "1-0"]
[WhiteElo "2645"]
[BlackElo "2478"]
[PlyCount "69"]
[EventDate "2015.11.05"]
[EventType "team"]
[EventRounds "11"]
[EventCountry "AUT"]
[WhiteTeam "SC MPOE Maria Saal"]
[BlackTeam "ASVOE Wulkaprodersdorf"]

1.d4 Nf6 2.c4 e6 3.Nf3 d5 4.g3 Be7 5.Bg2 O-O 6.O-O c6 7.Qc2 b6 8.Rd1 Nbd7 9.b3 Bb7
10.Nc3 Rc8 11.e4 Ba6 12.e5 Ne8 13.cxd5 cxd5 14.Qb2 Nc7 15.h4 Nb5 16.Nxb5 Bxb5 17.Bg5
h6 18.Bxe7 Qxe7 19.Rac1 a5 20.Rd2 Nb8 21.Rdc2 Ba6 22.Bf1 Rxc2 23.Rxc2 Bxf1 24.Kxf1
Qb7 25.Qc1 Na6 26.a3 Qd7 27.Kg2 Rb8 28.g4 Rf8 29.Rc3 Qe7 30.Rc6 Qb7 31.Rc3 Qe7 32.g5
h5 33.g6 f6 34.Rc8 Nb8 35.exf6 1-0